LEADER 01480cam2 2200265 450 001 E600200059941 005 20210125112138.0 010 $a3534033035 100 $a20100216d1988 |||||ita|0103 ba 101 $ager 102 $aDE 200 1 $a<<[3]: >>1801-1804$eDarstellung meines Systems der Philosophie (1801)$eBruno oder über das göttliche und natürliche Princip der Dinge (1802)$eFernere Darstellungen aus dem Systems der Philosophie (1802)$eUeber das Wesen der Philosophischen Kritik überhaupt, und ihr Verhältniss zum gegenwärtigen Zustand der Philosophie insbesondere (1802)$eUeber das Verhältiniss der Naturphilosophie zur Philosophie überhaupt (1802)$eVorlesungen über die Methode des akademischen Studiums (1803)$eImmanuel Kant (1804)$ePhilosophie und Religion (1804)$eSystem der gesammten Philosophie und der Naturphilosophie insbesondere. Erster Theil (1804)$fSchelling 210 $aDarmstadt$cWissenschaftliche Buchagesellschaft$d1988 215 $a738 p.$d21 cm 461 1$1001E600200059918$12000 $aSchriften 700 1$aSchelling$b, Friedrich Wilhelm Joseph : von$3A600200062986$4070$0151913 801 0$aIT$bUNISOB$c20210125$gRICA 850 $aUNISOB 852 $aUNISOB$j100$m70797 912 $aE600200059941 940 $aM 102 Monografia moderna SBN 941 $aM 957 $a100$b002859$i-3$gSi$d70797$racquisto$1pregresso1$2UNISOB$3UNISOB$420100216083319.0$520210125112128.0$6Alfano 996 $a1801-1804$91704338 997 $aUNISOB